banner-ar

THE FIFTH DISCIPLINE: THE ART AND PRACTICE OF THE LEARRING ORGANIZATION / (Record no. 21035)

MARC details
000 -الفاتح
حقل البيانات ثابتة الطول 00512nam a2200169Ia 4500
008 - عناصر البيانات ثابتة الطول - معلومات عامة
حقل البيانات ثابتة الطول 140319s9999 xx 000 0 eng d
040 ## - مصدر الفهرسة
وكالة الفهرسة الأصلية GCL /
وكالة النسخ GCL
082 04 - رقم تصنيف ديوى العشرى
رقم التصنيف 658.4
رقم المادة S F
100 1# - المدخل الرئيسى - إسم شخصى
الإسم الشخصى SENGE, PETER M.
245 10 - بيان العنوان
العنوان THE FIFTH DISCIPLINE: THE ART AND PRACTICE OF THE LEARRING ORGANIZATION /
بيان المسئوليه,etc SENGE, PETER M.
260 ## - PUBLICATION, DISTRIBUTION, ETC. (IMPRINT)
تاريخ النشر أو التوزيع 1990
300 ## - الوصف المادى
التعداد 423 P
650 04 - المدخل الاضافى بالموضوع-مصطلح موضوعى
مصطلح موضوعي ORGANIZATIONAL EFFECTIVENESS
650 04 - المدخل الاضافى بالموضوع-مصطلح موضوعى
مصطلح موضوعي WORK GROUPS
942 ## - عناصر المدخل الإضافي( كوها)
مصدر التصنيف او مخطط الترفيف Dewey Decimal Classification
Koha [default] item type كتاب
260 ## - PUBLICATION, DISTRIBUTION, ETC. (IMPRINT)
-- [S.N] :
-- DOUBLEDAY DELL PUBLISHING GROUP, INC. ،
Holdings
حالة التراجع حالة الفقد حالة تلف ليس للاعارة المكان المؤقت الموقع الحالى تاريخ الاكتساب اجمالي اﻻعارات رقم الطلب الباركود تاريخ اخر مشاهدة تاريخ تفعيل السعر نوع وعاء كوها
        مكتبة القاهرة الكبرى مكتبة القاهرة الكبرى 03/26/2014   658.4\S F 39083 03/26/2014 03/26/2014 كتاب

Powered By

EGPV